Arsenal Buteurs - Statistiques

Statistiques générales
  • Ce quiz a été pris 385 fois
  • Le résultat moyen est 5 sur 25
Statistiques - réponses
Nb Buts Joueur Top % Correct
228 Thierry Henry 1
99%
105 Olivier Giroud 6
65%
114 Dennis Bergkamp 4
55%
80 Alexis Sanchez 11
26%
153 Ian Wright 2
26%
71 Alexandre Lacazette 12
25%
132 Robin Van Persie 3
25%
85 Robert Pires 10
22%
108 Theo Walcott 5
21%
44 Mesut Ozil 22
18%
92 Pierrre-Emerick Aubameyang 8
18%
49 Sylvain Wiltord 19
18%
57 Cesc Fabregas 16
11%
65 Aaron Ramsey 14
9%
62 Emmanuel Adebayor 15
6%
71 Freddie Ljungberg 13
4%
38 Marc Overmars 24
4%
43 Nwankwo Kanu 23
2%
86 Paul Merson 9
2%
38 Tony Adams 25
2%
47 Nicklas Bendtner 20
1%
95 Alan Smith 7
0%
45 Joe Baker 21
0%
50 John Radford 18
0%
52 Kevin Campbell 17
0%
Aucun quiz correspondant
Distribution des résultats
% des personnes avec chaque résultat
Percentile par nombre de réponses
Votre historique - résultats
Vous n’avez pas pris ce quiz